Cultivos básicos de la huerta : fichas técnicas /

Guardado en:
Autor Principal: Pailacura, Andino.
Autor Corporativo: Instituto Nacional de Tecnología Agropecuaria (Argentina)
Formato: Libro
Idioma:Spanish
Publicado: Hilario Ascasubi : INTA EEA Hilario Ascasubi, 1991.
Etiquetas: Agregar Etiqueta
Sin Etiquetas, Sea el primero en etiquetar este registro!
LEADER 00536nam a22001455a 4500
001 EEA.libagro005457
005 20180627121825.0
008 130809s1991####ag############000#0#spa#d
082 0 4 |a 635 
100 1 |a Pailacura, Andino. 
245 1 0 |a Cultivos básicos de la huerta :  |b fichas técnicas /  |c Andino Pailacura. 
260 |a Hilario Ascasubi :  |b INTA EEA Hilario Ascasubi,  |c 1991. 
300 |a 1 v. (sin paginar) ;  |c 21 cm. 
710 2 |a Instituto Nacional de Tecnología Agropecuaria (Argentina) 
859 |a AR-BbBCA  |b BIB. AGRONOMIA  |h 635  |i P143-1  |p 1996/2771